Bordados hechos por mujeres (Record no. 11065)

MARC details
000 -CABECERA
campo de control de longitud fija 01209nam a22002657a 4500
001 - NÚMERO DE CONTROL
campo de control BRCA_9353
003 - IDENTIFICADOR DEL NÚMERO DE CONTROL
campo de control FranzMayer
005 - FECHA Y HORA DE LA ÚLTIMA TRANSACCIÓN
campo de control 20230920114730.0
008 - DATOS DE LONGITUD FIJA--INFORMACIÓN GENERAL
campo de control de longitud fija 230908b |||||||| |||| 00| 0 eng d
040 ## - FUENTE DE LA CATALOGACIÓN
Centro catalogador/agencia de origen MFM
Lengua de catalogación ESPAÑOL
Centro/agencia transcriptor MFM
050 #0 - SIGNATURA TOPOGRÁFICA DE LA BIBLIOTECA DEL CONGRESO
Número de clasificación NK9200.M6
Número de documento/Ítem F56 2023
100 1# - ENTRADA PRINCIPAL--NOMBRE DE PERSONA
Código de función/relación Autora
Nombre de persona Flores Enríquez, Alejandra Mayela
9 (RLIN) 29818
240 ## - TÍTULO UNIFORME
Título uniforme Bordados hechos por mujeres
Medio Historia, arte y disputa en México durante el siglo XIX
Lenguaje de la obra Español
245 0# - MENCIÓN DE TÍTULO
Título Bordados hechos por mujeres
Resto del título Historia, arte y disputa en México durante el siglo XIX
260 ## - PUBLICACIÓN, DISTRIBUCIÓN, ETC.
Lugar de publicación, distribución, etc. CDMX, México
Nombre del editor, distribuidor, etc. Universidad Iberoamericana
Fecha de publicación, distribución, etc. 2023
300 ## - DESCRIPCIÓN FÍSICA
Extensión 502 p
Otras características físicas Ilustraciones a color
Dimensiones 21 cm
500 ## - NOTA GENERAL
Nota general Anexo investigación
500 ## - NOTA GENERAL
Nota general Incluye una dedicatoria al museo Franz Mayer
505 ## - NOTA DE CONTENIDO CON FORMATO
Nota de contenido con formato Texto en: españolIncluye índice temáticoIncluye bibliografíaDirigido a: artistas, historiadores de arte, personas con interés en el papel de la mujer en el arte
650 1# - PUNTO DE ACCESO ADICIONAL DE MATERIA--TÉRMINO DE MATERIA
Fuente del encabezamiento o término Artes decorativas
Término de materia o nombre geográfico como elemento de entrada Artesanias
Subdivisión de forma Bordado
9 (RLIN) 29819
651 2# - PUNTO DE ACCESO ADICIONAL DE MATERIA--NOMBRE GEOGRÁFICO
Fuente del encabezamiento o término Artes mexicanas
Nombre geográfico Bordados
Subdivisión de forma Bordados hechos por mujeres
9 (RLIN) 29820
700 1# - PUNTO DE ACCESO ADICIONAL--NOMBRE DE PERSONA
Código de función/relación Asesora
Nombre de persona Gama Leyva, Mcihelle
9 (RLIN) 29821
700 1# - PUNTO DE ACCESO ADICIONAL--NOMBRE DE PERSONA
Código de función/relación Asesora
Nombre de persona Galan Tames, Genevieye
9 (RLIN) 29822
942 ## - ELEMENTOS DE PUNTO DE ACCESO ADICIONAL (KOHA)
Fuente del sistema de clasificación o colocación Library of Congress Classification
Tipo de ítem Koha Tesis
Holdings
Estado de retiro Estado de pérdida Fuente del sistema de clasificación o colocación Estado dañado No para préstamo Código de colección Localización permanente Ubicación/localización actual Fecha de adquisición Total de préstamos Signatura topográfica completa Código de barras Fecha visto por última vez Precio válido a partir de Tipo de ítem Koha
El ejemplar forma parte de la colección y puede ser consultado según las políticas vigentes.   Library of Congress Classification     Tesis Biblioteca del Museo Franz Mayer (Rogerio Casas-Alatriste) Biblioteca del Museo Franz Mayer (Rogerio Casas-Alatriste) 08/09/2023   NK9200.M6 F56 2023 TES00070 08/09/2023 08/09/2023 Tesis